000 00800nam a22002297a 4500
003 UA-OsUOA
001 61651
007 ta
008 20090708b un ||||| |||| 00| 0 ukr d
090 _a008
_bВ74
942 _cMG
040 _aUA-OsUOA
_brus
_cUA-OsUOA
_dUA-OsUOA
245 _aВопросы культурологии
_bЖурнал зарегистрирован Федеральной службой по надзору за соблюдением законодательства в сфере массовых коммуникаций
_cШеф-редактор Перов В.А.
300 _a89 с.
955 _a1
041 _arus
080 _a008
260 _aМ.
044 _aRU
962 _a2004
650 7 _a008 Цивілізація. Культура. Прогрес
_2UDC
999 _c347333
_d347333